00902cam a2200193 4500001002100000003004700021005001700068008000700085100002600092245004700118260003700165300002600202700006300228942001500291999001500306952012900321952012900450952012900579FRBNF374528670000007http://catalogue.bnf.fr/ark:/12148/cb37452867120260216153508.0CUC123 aBELKAOUI, AHMED RIAHI aINTERNATIONAL AND MULTINATIONAL ACCOUNTING aNEW YORKbTHE DRYDEN PRESSc1994 aNotes bibliogr. Index 312362334oISNI0000000109139453aRiahi BelkaouibAhmed4070 2lcccBKn0 c8726d8726 00102lcc40708NFICaCTGLbCTGLcGENd2026-02-16l0oHF5635 BELpGSCT00002444r2026-02-16 15:31:17t1w2026-02-16yBKzEAQ 00102lcc40708NFICaCTGLbCTGLcGENd2026-02-16l0oHF5635 BELpGSCT00002525r2026-02-16 16:01:25t2w2026-02-16yBKzEAQ 00102lcc40708NFICaCTGLbCTGLcGENd2026-02-16l0oHF5635 BELpGSCT00002526r2026-02-16 16:01:25t3w2026-02-16yBKzEAQ